书目信息 |
| 题名: |
Visual Studio 2008高级编程
|
|
| 作者: | 加德纳 , 兰多夫 著 ;李梦汶 , 任鸿 译 | |
| 分册: | ||
| 出版信息: | 北京 清华大学出版社 2009.12 |
|
| 页数: | 779页 | |
| 开本: | 26cm | |
| 丛书名: | ||
| 单 册: | ||
| 中图分类: | TP312 | |
| 科图分类: | ||
| 主题词: | 程序语言--cheng xu yu yan--程序设计 | |
| 电子资源: | ||
| ISBN: | 978-7-302-21231-7 | |
| 000 | 01102nam 2200301 450 | |
| 001 | 603178 | |
| 005 | 20101122173207.20 | |
| 010 | @a978-7-302-21231-7@dCNY98.00 | |
| 100 | @a20101129d2009 em y0chiy50 ea | |
| 101 | 1 | @achi@ceng |
| 102 | @aCN@b110000 | |
| 105 | @aa z 000yy | |
| 200 | 1 | @aVisual Studio 2008高级编程@AVisual Studio 2008 gao ji bian cheng@f(美) 兰多夫, 加德纳著@g李梦汶,任鸿译 |
| 210 | @a北京@c清华大学出版社@d2009.12 | |
| 215 | @a779页@c图@d26cm | |
| 305 | @a由Wiley Publishing, Inc.授权出版 | |
| 312 | @a封面英文题名:Professional visual studio 2008 | |
| 330 | @a本书介绍了Visual Studio 2008这个IDE开发工具的各个方面,包括常见的任务、复杂的函数、强大的工具、主代码编辑以及设计窗口。 | |
| 510 | 1 | @aProfessional visual studio 2008@zeng |
| 606 | 0 | @a程序语言@Acheng xu yu yan@x程序设计 |
| 610 | 0 | @aVisual Studio |
| 690 | @aTP312@v4 | |
| 701 | 1 | @a加德纳@Ajia de na@g(Gardner, David)@4著 |
| 701 | 1 | @a兰多夫@Alan duo fu@g(Randolph, Nick)@4著 |
| 702 | 0 | @a李梦汶@Ali mang wen@4译 |
| 702 | 0 | @a任鸿@Aren hong@4译 |
| 801 | 0 | @aCN@c20101129 |
| 905 | @dTP312@eL0361 | |
| Visual Studio 2008高级编程/(美) 兰多夫, 加德纳著/李梦汶,任鸿译.-北京:清华大学出版社,2009.12 |
| 779页:图;26cm |
| ISBN 978-7-302-21231-7:CNY98.00 |
| 本书介绍了Visual Studio 2008这个IDE开发工具的各个方面,包括常见的任务、复杂的函数、强大的工具、主代码编辑以及设计窗口。 |
| ● |
| 相关链接 |
|
|
|
正题名:Visual Studio 2008高级编程
索取号:TP312/L0361
 
预约/预借
| 序号 | 登录号 | 条形码 | 馆藏地/架位号 | 状态 | 备注 |
| 1 | 1034730 | 210347301 | 自科库301/301自科库 49排3列2层/ [索取号:TP312/L0361] | 在馆 | |
| 2 | 1034731 | 210347310 | 自科二线504/504自科库 15排1列3层/ [索取号:TP312/L0361] | 在馆 | |
| 3 | 1034732 | 210347329 | 期刊室512/301自科库 45排3列1层/ [索取号:TP312/L0361] | 在馆 |